Normal view MARC view
  • Industrial Biotechnology

Entry Uniform Title

Number of records used in: 2

001 - CONTROL NUMBER

  • control field: 13904

003 - CONTROL NUMBER IDENTIFIER

  • control field: NUST

005 - DATE AND TIME OF LATEST TRANSACTION

  • control field: 20190320061544.0

008 - FIXED-LENGTH DATA ELEMENTS

  • fixed length control field: 190320|| aca||aabn | a|a d

040 ## - CATALOGING SOURCE

  • Original cataloging agency: NUST
  • Transcribing agency: NUST

130 ## - HEADING--UNIFORM TITLE

  • Uniform title: Industrial Biotechnology
  • Title of a work: Helicobacer pylori
  • Form subdivision: pathogenesis

670 ## - SOURCE DATA FOUND

  • Source citation: Work cat.: (NUST): Anam Naz-sup-Dr. Amjad Ali 13903, Th-PhD-Genomics and systems-level insights into Helicobacter pylori mediated virulence and pathogenesis , 2018.
© 2023 Central Library, National University of Sciences and Technology. All Rights Reserved.